000 00357nam a2200145Ia 4500
003 LK-CoDNM
008 010623t xxu||||| |||| 00| 1 sin d
040 _aLK-CoDNM
_dLK-CoDNM
_eLK-CoDNM
041 _asin
080 _a294.3 SUV
245 _aසුවිසි මහා ගුණය
246 _aSuvisi Maha Gunaya
300 _b4p., 21 cm
942 _cBK
999 _c142223
_d142223